| 000 | 00888nam a22002177a 4500 | ||
|---|---|---|---|
| 999 |
_c722 _d722 |
||
| 003 | AR-CdUCM | ||
| 008 | 190225b ||||| |||| 00| 0 spa d | ||
| 040 |
_aMUNICIPALIDAD PROVINCIAL DEL CUSCO _cBIBLIOTECA MUNICIPAL DEL CUSCO |
||
| 082 |
_a082 / _bL25 |
||
| 100 |
_aLaroque, Pierre _92771 |
||
| 245 |
_aLas clases sociales / _cPierre Laroque |
||
| 260 |
_aBarcelona : _boikos-tau, _c1971. |
||
| 300 |
_a127 paginas ; _c17 cm. |
||
| 505 | _aCriterios y fundamentos de las distinciones de clase -- La evolución de la distinción de clase -- La movilidad social -- Las relaciones de las clases entre si y con los demás grupos sociales -- La clase obrera -- La clase dirigente y clases medias ... | ||
| 650 |
_aClases sociales _92411 |
||
| 650 |
_aSociedades _92772 |
||
| 650 |
_aDesigualdad _912 |
||
| 650 |
_aSociedad industrial _92773 |
||
| 942 |
_2ddc _cLIBROS |
||
| 945 |
_aacv _d2019-02-25 |
||